[Event "NCA-chT 1st Stage"]
[Site "Managua"]
[Date "2020.10.10"]
[Round "7.1"]
[White "Ortiz, Marcos"]
[Black "Ordonez, Jessenia Carolina"]
[Result "1-0"]
[WhiteElo "2191"]
[BlackElo "1373"]
[PlyCount "44"]
[EventDate "2020.10.03"]
[EventType "team-swiss"]
[EventRounds "9"]
[EventCountry "NCA"]
[SourceTitle "EXT 2022"]
[Source "ChessBase"]
[SourceDate "2021.10.06"]
[SourceVersion "1"]
[SourceVersionDate "2021.10.06"]
[SourceQuality "1"]

1. e4 c5 2. c3 Nc6 3. d4 cxd4 4. cxd4 d5 5. exd5 Qxd5 6. Nf3 Bg4 7. Nc3 Qa5 8. Be2 e6 9. Bf4 Nf6 10. 0-0 Be7 11. Qb3 Qb4 12. Qxb4 Bxb4 13. Rac1 0-0 14. a3 Be7 15. Rfd1 Rfd8 16. Nb5 Nd5 17. Bg3 Rac8 18. h3 Bh5 19. b4 a6 20. Nc3 Ncxb4 21. Nxd5 Nxd5 22. Rxc8 Rxc8 1-0

[Event "NCA-chT fase1"]
[Site "Managua"]
[Date "2019.10.13"]
[Round "9.2"]
[White "Ordonez, Jessenia Carolina"]
[Black "Alarcon, David"]
[Result "0-1"]
[WhiteElo "1364"]
[BlackElo "2018"]
[PlyCount "52"]
[EventDate "2019.09.28"]
[EventType "team-swiss"]
[EventRounds "9"]
[EventCountry "NCA"]
[SourceTitle "CBM 194 Extra"]
[Source "ChessBase"]
[SourceDate "2020.03.31"]
[SourceVersion "1"]
[SourceVersionDate "2020.03.31"]
[SourceQuality "1"]
[WhiteTeam "Universidad de Ingenieria (W)"]
[BlackTeam "Soldados del Amor"]
[WhiteTeamCountry "NCA"]
[BlackTeamCountry "NCA"]

1. e4 e6 2. d4 d5 3. e5 c5 4. c3 Nc6 5. Nf3 Bd7 6. a3 Qb6 7. b4 cxd4 8. cxd4 Rc8 9. Be3 f6 10. Nc3 Nxb4 11. Bd2 Nc6 12. Rb1 Qc7 13. Nb5 Qb8 14. Be2 fxe5 15. dxe5 Nxe5 16. Nxe5 Qxe5 17. Nxa7 Rb8 18. a4 Bc5 19. Nb5 Nf6 20. 0-0 0-0 21. Bb4 b6 22. Re1 Bxf2+ 23. Kh1 Bxe1 24. Bxf8 Rxf8 25. Qxe1 Ra8 26. Qd1 Ne4 0-1